| 000 | 00931nam a2200205 a 4500 | ||
|---|---|---|---|
| 008 | 120416s1972 ||||||||||||||||| || u | ||
| 020 | _a0306710315 | ||
| 050 | _aNA 2520 Ben | ||
| 100 | _aBenjamin, Asher | ||
| 245 | 1 | 4 | _aThe rudiments of architecture: being a treatise on practical geometry, Grecian and Roman mouldings, the origin of building, and the five orders of architecture |
| 246 | _abeing a treatise on practical Geometry Grecian and Roman Mouldings, the origin of building, and the | ||
| 260 |
_aNew York: _bDa Capo Press _c1972 |
||
| 300 | _a8, 96p. : ill. | ||
| 350 | _a0.00 | ||
| 650 | _aARCHITECTURE--HANDBOOKS, MANUALS, ETC | ||
| 650 | _aARCHITECTURE--ORDERS | ||
| 650 | _aARCHITECTURE--DETAILS | ||
| 650 | _aARCHITECTURE--UNITED STATES--HISTORY | ||
| 995 |
_D0.00 _FCBU-MAIN LIBRARY (Kitwe) _H1 _I38.25 _M1 _UAVAILABLE _ZMain Library Open Access Collection |
||
| 999 |
_c56779 _d56779 |
||